| Tag |
First Indicator |
Second Indicator |
Subfields |
| LEADER |
00000cam a2200000 4500 |
| 001 |
in00001964778 |
| 006 |
m | d | |
| 007 |
cr |n||||||||n |
| 008 |
820511s1713 enk|||| s 00| ||lat d |
| 005 |
20260406205629.3 |
| 035 |
|
|
|a (CStRLIN)ESTCT140258
|
| 040 |
|
|
|a Uk-ES
|c Uk-ES
|d Cu-RivES
|d CStRLIN
|d Thomson Gale
|d UtOrBLW
|
| 100 |
0 |
|
|a Phaedrus.
|
| 240 |
1 |
0 |
|a Aesop's fables.
|l Latin
|
| 245 |
1 |
0 |
|a Phædri Aug. liberti Fabularum æsopiarum libri quinque :
|b item fabulæ quædam ex MS. veteri à Marquardo Gudio descriptæ; cum indice vocum & locutionum. Appendicis loco adjiciuntur fabulæ Græcæ quædam & Latinæ ex variis authoribus collectæ; quas claudit Avieni Æsopicarum fabularum liber unicus.
|
| 246 |
3 |
|
|a Fabulae
|
| 246 |
3 |
|
|a Ais⁻opou mythoi
|
| 264 |
|
1 |
|a Londini :
|b Ex officinâ Jacobi Tonson, & Johannis Watts,
|c 1713.
|
| 300 |
|
|
|a 16 unnumbered pages, 60, 116 unnumbered pages :
|b illustrations ;
|c 12⁰.
|
| 336 |
|
|
|a text
|b txt
|2 rdacontent
|
| 337 |
|
|
|a computer
|b c
|2 rdamedia
|
| 338 |
|
|
|a online resource
|b cr
|2 rdacarrier
|
| 500 |
|
|
|a Titlepage in red and black.
|
| 500 |
|
|
|a Edited by M. Maittaire.
|
| 500 |
|
|
|a Reproduction of original from the British Library.
|
| 510 |
4 |
|
|a English Short Title Catalog,
|c ESTCT140258.
|
| 533 |
|
|
|a Electronic reproduction.
|b Farmington Hills, Mich. :
|c Thomson Gale,
|d 2003.
|n Available via the World Wide Web.
|n Access limited by licensing agreements
|7 s2003 miunns
|
| 500 |
|
|
|a Electronic resource.
|
| 830 |
|
0 |
|a Eighteenth century collections online.
|
| 856 |
4 |
0 |
|u http://proxy.library.tamu.edu/login?url=https://galenet.galegroup.com/servlet/ECCO?c=1&stp=Author&ste=11&af=BN&ae=T140258&tiPG=1&dd=0&dc=flc&docNum=CW125687641&vrsn=1.0&srchtp=a&d4=0.33&n=10&SU=0LRN&locID=txshracd2898
|z Full text online
|t 0
|
| 999 |
|
|
|a MARS
|
| 999 |
f |
f |
|s c338a3c1-2da9-34b4-854e-46fcf6f9d336
|i fa0deb07-c02b-3b2f-ba8a-e98057f76d0f
|t 0
|
| 952 |
f |
f |
|a Texas A&M University
|b College Station
|c Electronic Resources
|s www_evans
|d Available Online
|t 0
|h No information provided
|
| 998 |
f |
f |
|t 0
|l Available Online
|